Statistiken für Dschibuti-Quiz

Klicken Sie hier um das Quiz zu spielen!

Allgemein

  • Dieses Quiz wurde 753 mal gespielt
  • Das Durchschnittsergebnis liegt bei 13 aus 18

Antwortstatistiken

FrageAntwort% Korrekt
Asiatisches Land nur 20 km entfernt von DschibutiJemen
95%
NachbarlandÄthiopien
94%
NachbarlandEritrea
94%
Große Halbinsel, auf der sich Dschibuti befindet{Horn} von Afrika
94%
NachbarlandSomalia
94%
Hauptstadt von DschibutiDschibuti
92%
Offizielle ReligionIslam
92%
Länder wie die USA, Japan, China und Frankreich besitzen in Dschibuti ____basenMilitär
85%
Gewässer, die von dieser Straße verbunden werden{Rotes} Meer
85%
AmtssprachenFranzösisch
82%
AmtssprachenArabisch
76%
Reich, zu dem Dschibuti 1577–1867 gehörteOsmanisches Reich
61%
Gewässer, die von dieser Straße verbunden werdenGolf von {Aden}
59%
Währung von DschibutiDschibuti-{Franc}
58%
Nur 0.09% des Lands in Dschibuti ist ____,
* den tiefsten Landesanteil weltweit
Urbar
32%
Strategische Meerenge zwischen Dschibuti und das obige LandBab al-{Mandab}
21%
Goldland um Dschibuti, das ca. 1000 v. Chr. ein wichtiger Handelspartner von Ägypten war
* Anfangsbuchstabe P
Punt
20%
Salzsee, dessen Ufern den tiefsten Punkt Afrikas sind{Assal}see
18%

Verteilung der Resultate

Perzentil nach korrekt beantworteten Fragen

Anzahl Personen mit jedem Resultat

Ihre Resultats-Entwicklung

Sie haben dieses Quiz noch nicht gespielt